| 000 | 00672nam a22002177a 4500 | ||
|---|---|---|---|
| 003 | UA-OsUOA | ||
| 001 | 60008 | ||
| 007 | ta | ||
| 008 | 20090430b un ||||| |||| 00| 0 ukr d | ||
| 090 |
_a7.011 _bП15 |
||
| 942 | _cBK | ||
| 040 |
_aUA-OsUOA _brus _cUA-OsUOA _dUA-OsUOA |
||
| 245 |
_aПамятники культуры. Новые открытия. Письменность. Искусство. Археология _cА. Д. Копысова |
||
| 300 | _a534 с. | ||
| 955 | _a1 | ||
| 041 | _arus | ||
| 080 | _a7.011 | ||
| 260 |
_aЛенинград _bНаука _c1984 |
||
| 650 | 7 |
_a7.0 Загальні питання мистецтва _2UDC |
|
| 999 |
_c346043 _d346043 |
||